Veľkosť návratu produktov za účelom recyklácie

Recyklácia, ako jeden z nových trendov, je spojená s vyčerpávaním prírodných zdrojov a s rastúcimi cenami výrobných surovín. Opätovné použitie materiálu, ktorý už bol raz použitý vo výrobnom procese, sa zdá byť jedinou možnosťou, ako získať suroviny bez vyčerpania obmedzených prírodných zdrojov. Urč...

Descrizione completa

Salvato in:
Dettagli Bibliografici
Autore principale: Gežík, Pavel, 1983-
Natura: Capitolo di libro
Lingua:slovacco
Soggetti:
Tags: Aggiungi Tag
Nessun Tag, puoi essere il primo ad aggiungerne!!

MARC

LEADER 00000nla$a2200000$$$4500
001 0145509
005 20240502072624.2
041 0 |a slo 
044 |a SK 
245 1 0 |a Veľkosť návratu produktov za účelom recyklácie  |c Pavel Gežík 
520 |a Recyklácia, ako jeden z nových trendov, je spojená s vyčerpávaním prírodných zdrojov a s rastúcimi cenami výrobných surovín. Opätovné použitie materiálu, ktorý už bol raz použitý vo výrobnom procese, sa zdá byť jedinou možnosťou, ako získať suroviny bez vyčerpania obmedzených prírodných zdrojov. Určovanie množstva vrátených produktov v procesoch zberu a následný návrat použitých produktov späť k výrobcovi za účelom ich opätovného použitia, resp. recyklácie 
610 2 0 |a recyklácia odpadu 
610 2 0 |a produkty 
610 2 0 |a výrobcovia 
610 2 0 |a výskum operačný 
100 1 |a Gežík, Pavel, 1983-